Loading...

Iruttinte Atmavu

Bibliographic Details
Main Author: Vasudevan Nair ,M.T
Format: Printed Book
Language:Undetermined
Published: Thrissur : Current books , 2014
Subjects:
LEADER 00451nam a2200145Ia 4500
008 200324s9999 xx 000 0 und d
082 |a 8M3  |b VAS.I 
100 |a Vasudevan Nair ,M.T 
245 0 |a Iruttinte Atmavu 
260 |a Thrissur :  |b Current books ,  |c 2014 
300 |a 95p. 
650 |a novel --malayalam 
942 |c BK 
999 |c 290077  |d 290077 
952 |0 0  |1 0  |4 0  |6 8M3_VAS_I  |7 0  |9 308610  |a SDE  |b SDE  |d 2019-07-12  |l 0  |o 8M3 VAS.I  |p SDE26630  |r 2020-03-27  |w 2020-03-27  |y BK